000 00519nam a22001817a 4500
005 20251108171903.0
008 250721s2003 xx 000 0 ara d
082 1 4 _a615.882/عمر
100 1 _aعمران، زياد علي
_eمؤلف
245 1 0 _aالعسل ومعجزات الإستشفاء به /
264 1 _aعمان :
_bدار عمار للنشر،
_c2003.
300 _a166ص
650 1 7 _aالطب الشعبي
650 1 7 _aالعلاج
650 1 7 _aالعسل
942 _2ddc
_cBK
999 _c65205
_d65205